Sports Quiz

Random Sports or MLB Quiz

2010 MLB All Star Players (AL and NL) Quiz Stats

Quiz not verified by Sporcle

Challenge
Share
Tweet
Embed
Score 0/82 Timer 06:00
0 Plays Today
Position % Correct
SSDerek Jeter
88.2%
(AL Starting Lineup) C Joe Mauer
84.9%
1BAlbert Pujols
82.8%
3BAlex Rodriguez
82.8%
2BRobinson Cano
76.3%
PCliff Lee
72%
1BRyan Howard
72%
OFJosh Hamilton
71%
2BChase Utley
71%
SSHanley Ramirez
69.9%
PRoy Halladay
69.9%
3BDavid Wright
67.7%
PCC Sabathia
67.7%
1BJustin Morneau
65.6%
OFIchiro Suzuki
64.5%
DHDavid Ortiz
63.4%
3BEvan Longoria
62.4%
1BAdrian Gonzalez
62.4%
PMariano Rivera
60.2%
DHVladimir Guerrero
57%
1BMiguel Cabrera
57%
C (Position Players NL)Brian McCann
55.9%
1BJoey Votto
54.8%
SSJosé Reyes
54.8%
2BDustin Pedroia
53.8%
PTim Lincecum
52.7%
(NL Starting Lineup) CYadier Molina
51.6%
OFRyan Braun
51.6%
Position % Correct
OFCarl Crawford
50.5%
1BPaul Konerko
49.5%
OFChris Young
48.4%
CVictor Martinez
47.3%
OFMatt Holliday
46.2%
OFTorii Hunter
44.1%
PJosh Johnson
43%
PAdam Wainwright
41.9%
PJoakim Soria
39.8%
PRafael Soriano
39.8%
PChris Carpenter
39.8%
PDavid Price
38.7%
OFVernon Wells
38.7%
PJon Lester
37.6%
PPhil Hughes
35.5%
OFJosé Bautista
35.5%
2BBrandon Phillips
35.5%
PBrian Wilson
34.4%
SSTrow Tulowitzki
34.4%
OFJason Heyward
31.2%
PJustin Verlander
31.2%
3BScott Rolen
31.2%
2BIan Kinsler
29%
OFNick Swisher
28%
OFAndre Ethier
24.7%
PTim Hudson
24.7%
PClay Buchholz
23.7%
OFCorey Hart
22.6%
Position % Correct
PTrevor Cahill
21.5%
INFOmar Infante
20.4%
2BMartin Prado
19.4%
OFMarlon Byrd
19.4%
PJered Weaver
18.3%
(NL) PHeath Bell
17.2%
PUbaldo Jiménez
17.2%
C (Position Players AL)John Buck
17.2%
(AL) PAndrew Bailey
16.1%
PMatt Capps
16.1%
PYovani Gallardo
16.1%
PBilly Wagner
16.1%
SSElvis Andrus
16.1%
PJosé Valverde
12.9%
3BAdrián Beltré
12.9%
SSRafael Furcal
12.9%
PFausto Carmona
11.8%
PNeftali Feliz
11.8%
PJonathan Broxton
11.8%
PArthur Rhodes
11.8%
INFTy Wigginton
10.8%
PEvan Meek
9.7%
PMatt Thornton
7.5%
PAndy Pettite
6.5%
OFMichael Bourne
6.5%
PHong-Chih Kuo
4.3%

You're not logged in!

Compare scores with friends on all Sporcle quizzes.
Join for Free
OR
Log In

You Might Also Like...

Show Comments

Extras

Top Quizzes Today


Score Distribution

Your Account Isn't Verified!

In order to create a playlist on Sporcle, you need to verify the email address you used during registration. Go to your Sporcle Settings to finish the process.

Report this User

Report this user for behavior that violates our Community Guidelines.

Details: